书目信息 |
| 题名: |
家庭电脑应用一点通
|
|
| 作者: | 王嘉平 , 马卫东 编著 | |
| 分册: | ||
| 出版信息: | 北京 宇航出版社 1994.05 |
|
| 页数: | 220页 | |
| 开本: | 19cm | |
| 丛书名: | ||
| 单 册: | ||
| 中图分类: | TP368.3 | |
| 科图分类: | ||
| 主题词: | 微型计算机 | |
| 电子资源: | ||
| ISBN: | 7-80034-701-X | |
| 000 | 00627nam0 2200205 450 | |
| 001 | 0732794088 | |
| 005 | 20071218091210.67 | |
| 010 | @a7-80034-701-X@dCNY5.80 | |
| 100 | @a20071218d1994 km y0chiy0120 ea | |
| 101 | 0 | @achi |
| 102 | @aCN@b110000 | |
| 200 | 1 | @a家庭电脑应用一点通@Ajia ting dian nao ying yong yi dian tong@f王嘉平,马卫东编著@Fwang jia ping,ma wei dong bian zhu |
| 210 | @a北京@c宇航出版社@d1994.05 | |
| 215 | @a220页@d19cm | |
| 606 | 0 | @a微型计算机 |
| 690 | @aTP368.3@v4 | |
| 701 | 0 | @a王嘉平@Awang jia ping@4编著 |
| 701 | 0 | @a马卫东@Ama wei dong@4编著 |
| 801 | 0 | @aCN@bPFT@c20071218 |
| 905 | @aBZT@dTP368.3@e39 | |
| 家庭电脑应用一点通/王嘉平,马卫东编著.-北京:宇航出版社,1994.05 |
| 220页;19cm |
| ISBN 7-80034-701-X:CNY5.80 |
| ● |
| 相关链接 |
|
|
|
正题名:家庭电脑应用一点通
索取号:TP368.3/39
 
预约/预借
| 序号 | 登录号 | 条形码 | 馆藏地/架位号 | 状态 | 备注 |
| 1 | 064720 | 220000718 | 中心书库中库/ 中库027架A面5列5层19/ [索取号:TP368.3/39] | 在馆 |